Хроники Тральфамадора: романы

Bibliografske podrobnosti
Glavni avtor: Воннегут К. Курт
Jezik:ruščina
Izdano: СПб., Кристалл, 2001
Serija:Библиотека мировой литературы
Teme:
Format: Knjiga
KOHA link:https://koha.lib.tpu.ru/cgi-bin/koha/opac-detail.pl?biblionumber=27726

MARC

LEADER 00000nam0a2200000 4500
001 27726
005 20231030202322.0
010 |a 5306000673 
035 |a (RuTPU)RU\TPU\book\27979 
035 |a BOOK00028054 
090 |a 27726 
100 |a 20011209d2001 m y0rusy50 ca 
101 1 |a rus  |c eng 
102 |a RU 
105 |a y z 000ay 
200 1 |a Хроники Тральфамадора  |e романы  |f К. Воннегут 
210 |a СПб.  |c Кристалл  |d 2001 
215 |a 1136 с. 
225 1 |a Библиотека мировой литературы 
610 1 |a романы 
610 1 |a рассказы 
675 |a 82  |v 3 
700 1 |a Воннегут  |b К.  |g Курт 
801 0 |a RU  |b 63413507  |c 20011209  |g PSBO 
801 2 |a RU  |b 63413507  |c 20121029  |g PSBO 
942 |c BK